| 000 | 00410nam a2200145 i 4500 | ||
|---|---|---|---|
| 001 | 82689 | ||
| 003 | ES-MaACL | ||
| 005 | 20230906174721.0 | ||
| 007 | t| | ||
| 008 | 041111s1928 es ||||1| spa d | ||
| 245 | 0 | 4 |
_aUna idea, un pueblo y un hombre _b: (El Salvador en la VI Conferencia Panamericana). |
| 260 |
_aSan Salvador : _bLa Unión, _c1928. |
||
| 300 |
_a272 p. ; _c20 cm. |
||
| 852 |
_aES-MaACL _jA-795 |
||
| 999 |
_c82689 _d82689 |
||